Statistics for Former "Country" Flags #15-Korean Peninsula

Click here to take the quiz!

General Stats

  • This quiz has been taken 41 times
  • The average score is 9 of 11

Answer Stats

Answer% Correct
Fifth Republic of Korea
100%
First Republic of Korea
100%
Fourth Republic of Korea
100%
Second Republic of Korea
100%
Supreme Council for National Reconstruction
100%
Third Republic of Korea
100%
First People's Republic of Korea
88%
Korean Empire
88%
Provisional Government of the Republic of Korea
88%
Joseon
47%
Goguryeo
25%

Score Distribution

Percentile by Number Answered

Percent of People with Each Score

Your Score History

You have not taken this quiz